| 000 | 01090nam0a22002771 4500 | ||
|---|---|---|---|
| 001 | RU\NLR\A1SV\154223 | ||
| 005 | 20251203171251.9 | ||
| 035 | _a(NLR Aleph) 012158838 | ||
| 090 |
_a12180233 _c12180233 |
||
| 100 | _a20191209d1922 u y0rusy50 ca | ||
| 101 | 1 |
_arus _ceng |
|
| 102 | _aRU | ||
| 200 | 1 |
_aКорабль шампанского _fГерман Джордж Шеффауэр _gПер. с англ. [и вступ. ст.] Леонида Чацкого |
|
| 210 |
_aБерлин _cЕ.А.Гутнов _d1922 |
||
| 215 |
_a115, [1] с. _cпортр. _d14 см |
||
| 327 | 1 |
_aКорабль шампанского _aПловучий лес _aКорабль в неволе |
|
| 620 | _dБерлин | ||
| 700 | 1 |
_7ca _8rus _aШеффауэр _bГ. Д. _f1876-1927 _gГерман Джордж _9268537 _3RU\NLR\AUTH\770268593 |
|
| 702 | 1 |
_7ca _8rus _aСтраховский _bЛ. И. _f1898-1963 _gЛеонид Иванович _9254261 _3RU\NLR\AUTH\770254317 |
|
| 801 | 0 |
_aRU _bNLR _c20191209 |
|
| 899 | _aРГБ | ||
| 899 | _aРГБ | ||
| 942 | _cBOOK | ||
| 980 | _aNB | ||
| 980 | _aA1SV | ||